[Event "Titled Tuesday intern op 03rd Jan Late"]
[Site "Chess.com INT"]
[Date "2025.06.03"]
[Round "6"]
[White "Albores, Pablo"]
[Black "Sroczynski, Maciej"]
[Result "1/2-1/2"]
[WhiteElo "2220"]
[BlackElo "2236"]
[PlyCount "133"]
[EventDate "2025.06.03"]
[EventType "swiss (blitz)"]
[EventRounds "11"]
[EventCountry "USA"]
[SourceTitle "CB24_2025"]
[SourceDate "2025.06.11"]
[SourceVersion "1"]
[SourceVersionDate "2025.06.11"]
[SourceQuality "1"]

1. c4 Nf6 2. Nc3 g6 3. g3 Bg7 4. Bg2 0-0 5. Nf3 d6 6. 0-0 Nc6 7. d3 a6 8. Rb1 b5 9. cxb5 axb5 10. Nxb5 Rxa2 11. Na3 Nb4 12. Qb3 c5 13. Bd2 Be6 14. Qd1 Nfd5 15. Nc4 Nb6 16. Nxb6 Qxb6 17. Bc3 Rb8 18. Ng5 Bd5 19. Bxb4 Bxg2 20. Qb3 c4 21. Qxa2 Bxf1 22. Qxc4 e6 23. Kxf1 d5 24. Qf4 f6 25. Nxe6 Qxb4 26. Nxg7 Qxf4 27. gxf4 Kxg7 28. b4 Kf7 29. e3 Ke6 30. h4 Kd6 31. Ke2 Kc6 32. e4 dxe4 33. dxe4 Kb5 34. Kf3 Re8 35. Ke3 Re7 36. Rd1 Kxb4 37. Rd6 f5 38. e5 Kc5 39. Rd8 Kc6 40. Rg8 Kd5 41. h5 gxh5 42. Rg5 Ke6 43. Rxh5 Rf7 44. Rh6+ Ke7 45. Kd4 Kf8 46. Kd5 Kg7 47. Rd6 h5 48. e6 Rf8 49. Ke5 h4 50. Rd1 Kg6 51. Rh1 Rh8 52. Kd6 Kf6 53. Kd5 h3 54. Rh2 Rh4 55. Kd6 Rxf4 56. Rxh3 Rd4+ 57. Kc5 Rd2 58. Re3 Ke7 59. f4 Rf2 60. Kd5 Rxf4 61. Ke5 Rf1 62. Rh3 Re1+ 63. Kxf5 Rf1+ 64. Ke5 Re1+ 65. Kf4 Rxe6 66. Re3 Rxe3 67. Kxe3 1/2-1/2

[Event "Titled Tuesday intern op 06th May Early"]
[Site "Chess.com INT"]
[Date "2025.05.06"]
[Round "4"]
[White "Sroczynski, Maciej"]
[Black "Aradhya, Garg"]
[Result "0-1"]
[WhiteElo "2236"]
[BlackElo "2383"]
[PlyCount "60"]
[EventDate "2025.05.06"]
[EventType "swiss (blitz)"]
[EventRounds "11"]
[EventCountry "USA"]
[SourceTitle "CB20_2025"]
[SourceDate "2025.05.14"]
[SourceVersion "1"]
[SourceVersionDate "2025.05.14"]
[SourceQuality "1"]

1. d4 d5 2. Nf3 Nf6 3. c4 e6 4. Nc3 Nbd7 5. Bg5 h6 6. Bh4 Be7 7. e3 0-0 8. cxd5 Nxd5 9. Bxe7 Qxe7 10. Qb3 Nxc3 11. bxc3 c5 12. Bd3 b6 13. 0-0 Bb7 14. e4 Rfd8 15. a4 Rac8 16. a5 c4 17. Bxc4 Bxe4 18. Be2 b5 19. Nd2 Bxg2 20. Kxg2 Qg5+ 21. Kh1 Qxd2 22. Bxb5 Rxc3 23. Qb4 Nf6 24. Rad1 Qc2 25. Rc1 Qe4+ 26. Kg1 Qg4+ 27. Kh1 Qf3+ 28. Kg1 Rd5 29. h4 Qg4+ 30. Kh1 Rh3# 0-1

[Event "Titled Tuesday intern op 18th Mar Late"]
[Site "Chess.com INT"]
[Date "2025.03.18"]
[Round "8"]
[White "Mesquita, Eduardo Barbosa"]
[Black "Sroczynski, Maciej"]
[Result "0-1"]
[WhiteElo "2014"]
[BlackElo "2247"]
[PlyCount "102"]
[EventDate "2025.03.18"]
[EventType "swiss (blitz)"]
[EventRounds "11"]
[EventCountry "USA"]
[SourceTitle "CB13_2025"]
[SourceDate "2025.03.26"]
[SourceVersion "1"]
[SourceVersionDate "2025.03.26"]
[SourceQuality "1"]

1. e4 c5 2. Nf3 d6 3. d4 cxd4 4. Nxd4 Nf6 5. Nc3 a6 6. f3 e5 7. Nb3 Be7 8. Be3 Be6 9. Qd2 0-0 10. 0-0-0 Nbd7 11. g4 b5 12. g5 b4 13. gxf6 bxc3 14. Qxc3 Nxf6 15. Na5 Rc8 16. Nc6 Qc7 17. Nxe7+ Qxe7 18. Qa5 Rc6 19. Kb1 Rfc8 20. Bd3 Nd7 21. Rd2 Nc5 22. Rhd1 h6 23. Be2 f5 24. Bxc5 Rxc5 25. Qxa6 fxe4 26. fxe4 R5c6 27. Qa3 Rd8 28. Qb4 Kh8 29. b3 Qc7 30. a4 Rb8 31. Bb5 Bg4 32. Rg1 Be6 33. Rgd1 Bg4 34. Rg1 Bh5 35. Rg3 Rc5 36. Rgd3 Be8 37. Rxd6 Bxb5 38. axb5 Rcxb5 39. Qa3 Kh7 40. Qb2 Qc5 41. Rd1 Rb4 42. R6d5 Qe3 43. Rxe5 Qe2 44. Red5 Rxe4 45. Rd7 Rg4 46. h3 Rg5 47. h4 Rg4 48. c4 Qe4+ 49. Qc2 Rxb3+ 50. Kc1 Qxc2+ 51. Kxc2 Rh3 0-1

[Event "Titled Tuesday intern op 18th Mar Late"]
[Site "Chess.com INT"]
[Date "2025.03.18"]
[Round "1"]
[White "Sroczynski, Maciej"]
[Black "Sarana, Alexey"]
[Result "0-1"]
[WhiteElo "2247"]
[BlackElo "2689"]
[PlyCount "132"]
[EventDate "2025.03.18"]
[EventType "swiss (blitz)"]
[EventRounds "11"]
[EventCountry "USA"]
[SourceTitle "CB13_2025"]
[SourceDate "2025.03.26"]
[SourceVersion "1"]
[SourceVersionDate "2025.03.26"]
[SourceQuality "1"]

1. d4 Nf6 2. c4 e6 3. Nf3 d5 4. Nc3 Bb4 5. cxd5 exd5 6. Bg5 h6 7. Bxf6 Qxf6 8. Qa4+ Nc6 9. e3 0-0 10. Be2 Be6 11. a3 Bd6 12. Nb5 Qd8 13. Nxd6 Qxd6 14. b4 Ne7 15. 0-0 a6 16. Rac1 c6 17. Ne5 Nc8 18. Qb3 Qe7 19. a4 Nd6 20. a5 Bf5 21. Rfe1 f6 22. Nd3 Rae8 23. Bf1 g5 24. Nc5 Kg7 25. f3 Bg6 26. Bd3 Qf7 27. Qc2 Re7 28. e4 Rfe8 29. Re2 Nb5 30. Bxb5 axb5 31. Rce1 dxe4 32. fxe4 Rd8 33. Qc3 Qc4 34. Qxc4 bxc4 35. Rd1 Bf7 36. Kf2 Rb8 37. Na4 Bh5 38. Nc3 Bxe2 39. Kxe2 b6 40. Ra1 Ra7 41. d5 bxa5 42. dxc6 Rxb4 43. Nd5 Rb5 44. Ke3 c3 45. Kd3 Rc5 46. c7 c2 47. Rc1 Raxc7 48. Nxc7 Rxc7 49. Rxc2 Rxc2 50. Kxc2 Kf7 51. Kb3 Ke6 52. Ka4 Ke5 53. Kxa5 Kxe4 54. Kb5 Ke3 55. Kc5 Kf2 56. Kd5 Kxg2 57. Ke6 Kxh2 58. Kxf6 g4 59. Kg6 g3 60. Kxh6 g2 61. Kh5 g1Q 62. Kh6 Qg3 63. Kh7 Kg2 64. Kh6 Kf3 65. Kh7 Kf4 66. Kh6 Kf5 0-1

[Event "Titled Tuesday intern op 11th Mar Late"]
[Site "Chess.com INT"]
[Date "2025.03.11"]
[Round "5"]
[White "Li, Hui"]
[Black "Sroczynski, Maciej"]
[Result "0-1"]
[WhiteElo "2055"]
[BlackElo "2247"]
[PlyCount "82"]
[EventDate "2025.03.11"]
[EventType "swiss (blitz)"]
[EventRounds "11"]
[EventCountry "USA"]
[SourceTitle "CB12_2025"]
[SourceDate "2025.03.19"]
[SourceVersion "1"]
[SourceVersionDate "2025.03.19"]
[SourceQuality "1"]

1. e4 c5 2. Nf3 d6 3. d4 cxd4 4. Nxd4 Nf6 5. Nc3 a6 6. Be2 e5 7. Nb3 Be7 8. 0-0 0-0 9. Be3 Be6 10. Qd2 Nbd7 11. a4 Qc7 12. a5 Rac8 13. Rfd1 Rfd8 14. Qe1 Nc5 15. Nc1 Qc6 16. Bf3 h6 17. Nd3 Nxd3 18. Rxd3 Bc4 19. Rdd1 Rd7 20. Rac1 Bd8 21. Nd5 Bxd5 22. exd5 Qb5 23. c4 Qxa5 24. b4 Qa2 25. Qc3 e4 26. Rc2 Qa4 27. Be2 Rdc7 28. Bb6 Re7 29. Bd4 Ne8 30. Ra1 Qd7 31. Qg3 f5 32. c5 Rf7 33. Bc4 Bf6 34. Qc3 Bxd4 35. Qxd4 Qe7 36. g3 dxc5 37. bxc5 Qxc5 38. Qxc5 Rxc5 39. d6 Kf8 40. Bxf7 Rxc2 41. d7 Kxf7 0-1

[Event "Titled Tuesday intern op 11th Mar Late"]
[Site "Chess.com INT"]
[Date "2025.03.11"]
[Round "1"]
[White "Rasulov, Vugar Ural Oglu"]
[Black "Sroczynski, Maciej"]
[Result "1-0"]
[WhiteElo "2505"]
[BlackElo "2247"]
[PlyCount "51"]
[EventDate "2025.03.11"]
[EventType "swiss (blitz)"]
[EventRounds "11"]
[EventCountry "USA"]
[SourceTitle "CB12_2025"]
[SourceDate "2025.03.19"]
[SourceVersion "1"]
[SourceVersionDate "2025.03.19"]
[SourceQuality "1"]

1. c4 c5 2. Nf3 g6 3. Nc3 Bg7 4. g3 Nc6 5. Bg2 e6 6. h4 h6 7. d3 Nge7 8. Bd2 d5 9. 0-0 0-0 10. a3 b6 11. b4 cxb4 12. axb4 Nxb4 13. Qc1 Bb7 14. Bxh6 dxc4 15. Bxg7 Kxg7 16. dxc4 Qc7 17. Qb2 Qxc4 18. Nd5+ f6 19. Nxb4 a5 20. Nd3 e5 21. Qxb6 Rab8 22. Qxa5 e4 23. Nd2 Qc2 24. Rfc1 exd3 25. Rxc2 dxc2 26. Qc7 1-0

[Event "Titled Tuesday intern op 11th Mar Late"]
[Site "Chess.com INT"]
[Date "2025.03.11"]
[Round "2"]
[White "Sroczynski, Maciej"]
[Black "Hariharan, Shambavi"]
[Result "1-0"]
[WhiteElo "2247"]
[BlackElo "2024"]
[PlyCount "75"]
[EventDate "2025.03.11"]
[EventType "swiss (blitz)"]
[EventRounds "11"]
[EventCountry "USA"]
[SourceTitle "CB12_2025"]
[SourceDate "2025.03.19"]
[SourceVersion "1"]
[SourceVersionDate "2025.03.19"]
[SourceQuality "1"]

1. e4 e5 2. Nf3 Nc6 3. Bb5 a6 4. Ba4 Nf6 5. 0-0 Nxe4 6. d4 b5 7. Bb3 d5 8. dxe5 Be6 9. c3 Be7 10. Nbd2 Nc5 11. Bc2 d4 12. cxd4 Nxd4 13. Nxd4 Qxd4 14. Nf3 Qxd1 15. Rxd1 0-0 16. h3 Rfd8 17. Be3 h6 18. Nd4 Bf8 19. Nxe6 Nxe6 20. f4 Bc5 21. Kf2 Bxe3+ 22. Kxe3 g6 23. g4 Nc5 24. b4 Ne6 25. f5 Ng5 26. h4 Nh7 27. fxg6 fxg6 28. Bxg6 Kg7 29. Be4 Rab8 30. Rac1 Rxd1 31. Rxd1 Nf8 32. Bf5 Re8 33. Kf4 Re7 34. Rc1 Kf7 35. Rc6 Ne6+ 36. Bxe6+ Rxe6 37. Rxc7+ Kg6 38. h5# 1-0

[Event "Titled Tuesday intern op 11th Mar Late"]
[Site "Chess.com INT"]
[Date "2025.03.11"]
[Round "7"]
[White "Sroczynski, Maciej"]
[Black "Philipp, Mathias"]
[Result "0-1"]
[WhiteElo "2247"]
[BlackElo "2197"]
[PlyCount "132"]
[EventDate "2025.03.11"]
[EventType "swiss (blitz)"]
[EventRounds "11"]
[EventCountry "USA"]
[SourceTitle "CB12_2025"]
[SourceDate "2025.03.19"]
[SourceVersion "1"]
[SourceVersionDate "2025.03.19"]
[SourceQuality "1"]

1. Nf3 d5 2. g3 c6 3. Bg2 Nf6 4. d3 Bg4 5. 0-0 Bxf3 6. Bxf3 Nbd7 7. e4 e5 8. exd5 cxd5 9. Nc3 Nb6 10. Re1 Bd6 11. Bf4 0-0 12. Bxe5 Bxe5 13. Rxe5 Qd6 14. Re1 a6 15. Qd2 Rfe8 16. Qg5 h6 17. Qf5 g6 18. Qh3 Kg7 19. Qg2 h5 20. a3 Rad8 21. Qf1 Na8 22. Rxe8 Rxe8 23. Re1 Nc7 24. d4 Rxe1 25. Qxe1 h4 26. Qe3 hxg3 27. hxg3 Nd7 28. Kg2 Nb6 29. b3 Nd7 30. a4 b5 31. axb5 axb5 32. Ne2 Ne6 33. Qd3 b4 34. Qb5 Nf6 35. Qb7 g5 36. Kg1 g4 37. Bg2 Ng5 38. Nf4 Nf3+ 39. Bxf3 gxf3 40. Qb5 Qe7 41. Qf1 Qe4 42. Qd1 Ng4 43. Nd3 Qxd4 44. Qxf3 Nf6 45. Qf4 Qc3 46. Nxb4 Qe1+ 47. Kg2 Ne4 48. Nd3 Qe2 49. Ne5 f6 50. Ng4 Qxc2 51. b4 Qc6 52. f3 Ng5 53. Qd2 d4 54. Qf2 d3 55. Nh2 Qd5 56. Nf1 Qc4 57. Nd2 Qxb4 58. Qe3 Qd6 59. f4 Ne6 60. Kf3 Qd5+ 61. Qe4 Qa2 62. Ke3 Nc5 63. Qe7+ Kg6 64. Qxc5 Qe6+ 65. Kf3 Qe8 66. Qd4 Qe2# 0-1

[Event "Titled Tuesday intern op 11th Mar Late"]
[Site "Chess.com INT"]
[Date "2025.03.11"]
[Round "6"]
[White "Sroczynski, Maciej"]
[Black "Stefansson, Vignir Vatnar"]
[Result "0-1"]
[WhiteElo "2247"]
[BlackElo "2551"]
[PlyCount "126"]
[EventDate "2025.03.11"]
[EventType "swiss (blitz)"]
[EventRounds "11"]
[EventCountry "USA"]
[SourceTitle "CB12_2025"]
[SourceDate "2025.03.19"]
[SourceVersion "1"]
[SourceVersionDate "2025.03.19"]
[SourceQuality "1"]

1. d4 Nf6 2. c4 e6 3. Nf3 d5 4. Nc3 a6 5. cxd5 exd5 6. Bg5 Be6 7. e3 Nbd7 8. Bd3 c6 9. 0-0 Bd6 10. Qc2 Qc7 11. h3 h6 12. Bxf6 Nxf6 13. Rab1 g5 14. e4 dxe4 15. Nxe4 Nxe4 16. Bxe4 Bxa2 17. Rbe1 Be6 18. Bf5 0-0-0 19. Bxe6+ fxe6 20. Rxe6 Rdf8 21. Ne5 Bxe5 22. dxe5 Re8 23. Qf5 Qd7 24. Rxe8+ Rxe8 25. Qe4 Qd5 26. Qxd5 cxd5 27. Re1 Kd7 28. g3 Rf8 29. e6+ Ke7 30. Re5 Kd6 31. Re2 Re8 32. Kg2 Rxe6 33. Rd2 Re4 34. Kf3 Ke5 35. Rc2 Rb4 36. Re2+ Kd6 37. Ke3 Re4+ 38. Kd3 Rxe2 39. Kxe2 Ke5 40. Kd3 a5 41. f3 b5 42. Kc3 d4+ 43. Kd3 a4 44. f4+ gxf4 45. gxf4+ Kxf4 46. Kxd4 b4 47. Kc4 a3 48. bxa3 bxa3 49. Kb3 Kg3 50. Kxa3 Kxh3 51. Kb3 Kg2 52. Kc3 h5 53. Kd4 h4 54. Ke3 h3 55. Kf4 h2 56. Kg4 h1Q 57. Kf4 Qf1+ 58. Kg4 Qf3+ 59. Kh4 Qf7 60. Kg5 Kf3 61. Kh4 Qg7 62. Kh5 Kf4 63. Kh4 Qg4# 0-1

[Event "Titled Tuesday intern op 24th Sep Late"]
[Site "Chess.com INT"]
[Date "2024.09.24"]
[Round "6"]
[White "Goltseva, Ekaterina"]
[Black "Sroczynski, Maciej"]
[Result "0-1"]
[WhiteElo "2378"]
[BlackElo "2255"]
[PlyCount "78"]
[EventDate "2024.09.24"]
[EventType "swiss (blitz)"]
[EventRounds "11"]
[EventCountry "USA"]
[SourceTitle "EXT 2025"]
[Source "ChessBase"]
[SourceDate "2024.10.14"]
[SourceVersion "1"]
[SourceVersionDate "2024.10.14"]
[SourceQuality "1"]

1. Nf3 d5 2. d4 Nf6 3. e3 c5 4. dxc5 Qa5+ 5. Nbd2 Qxc5 6. a3 a5 7. b4 Qc7 8. Bb2 Nbd7 9. Bb5 e6 10. 0-0 Be7 11. c4 dxc4 12. Nxc4 axb4 13. axb4 Rxa1 14. Qxa1 0-0 15. Bc3 b6 16. Rc1 Bb7 17. Nce5 Ra8 18. Qb2 Nxe5 19. Bxe5 Qd8 20. Bc7 Qd5 21. Bc4 Qh5 22. Be2 Nd5 23. Be5 Qg6 24. b5 Bc5 25. Ra1 Rc8 26. Rc1 Nxe3 27. Bg3 Nd5 28. Ne5 Qg5 29. Rd1 h5 30. Nf3 Qf5 31. Bd3 Qg4 32. h3 Qxg3 33. Kf1 Qf4 34. Qe2 Nc3 35. Qe4 Nxe4 36. Bxe4 Bxe4 37. Rd7 Bxf3 38. g3 Qc1+ 39. Rd1 Qxd1# 0-1

[Event "Titled Tuesday intern op 24th Sep Late"]
[Site "Chess.com INT"]
[Date "2024.09.24"]
[Round "10"]
[White "Sroczynski, Maciej"]
[Black "Korchmar, Vasiliy"]
[Result "0-1"]
[WhiteElo "2255"]
[BlackElo "2429"]
[PlyCount "90"]
[EventDate "2024.09.24"]
[EventType "swiss (blitz)"]
[EventRounds "11"]
[EventCountry "USA"]
[SourceTitle "EXT 2025"]
[Source "ChessBase"]
[SourceDate "2024.10.14"]
[SourceVersion "1"]
[SourceVersionDate "2024.10.14"]
[SourceQuality "1"]

1. d4 Nf6 2. c4 e6 3. g3 d5 4. Bg2 Bb4+ 5. Bd2 Bd6 6. Nf3 0-0 7. c5 Be7 8. Nc3 b6 9. b4 a5 10. a3 Ne4 11. 0-0 axb4 12. axb4 Rxa1 13. Qxa1 Nxd2 14. Nxd2 Nc6 15. e3 Nxb4 16. cxb6 cxb6 17. Rb1 Ba6 18. Na2 Nxa2 19. Qxa2 Bd3 20. Rb2 b5 21. Bf1 Bc4 22. Nxc4 bxc4 23. Rb7 Bf6 24. Qa7 h5 25. h4 Qd6 26. Rc7 g5 27. hxg5 Bxg5 28. Rd7 Qb4 29. Bh3 Bh6 30. Qc7 c3 31. Qc6 Qb1+ 32. Kg2 Qe4+ 33. Kg1 h4 34. gxh4 Rb8 35. Rb7 Rxb7 36. Qxb7 c2 37. Qc7 Bxe3 38. Bg2 Qd3 39. Qd8+ Kg7 40. fxe3 c1Q+ 41. Kh2 Qcxe3 42. Qe7 Qdxd4 43. h5 Qdf4+ 44. Kh1 Qe1+ 45. Bf1 Qexf1# 0-1

[Event "Titled Tuesday intern op 24th Sep Early"]
[Site "Chess.com INT"]
[Date "2024.09.24"]
[Round "1"]
[White "Yoo, Christopher Woojin"]
[Black "Sroczynski, Maciej"]
[Result "1-0"]
[WhiteElo "2603"]
[BlackElo "2255"]
[PlyCount "63"]
[EventDate "2024.09.24"]
[EventType "swiss (blitz)"]
[EventRounds "11"]
[EventCountry "USA"]
[SourceTitle "EXT 2025"]
[Source "ChessBase"]
[SourceDate "2024.10.14"]
[SourceVersion "1"]
[SourceVersionDate "2024.10.14"]
[SourceQuality "1"]

1. Nf3 c5 2. c4 g6 3. Nc3 Bg7 4. g3 Nc6 5. Bg2 e6 6. 0-0 Nge7 7. d3 d5 8. Bd2 0-0 9. Rc1 b6 10. cxd5 exd5 11. Bg5 h6 12. Bxe7 Nxe7 13. d4 c4 14. Ne5 Bb7 15. Nxc4 Nf5 16. Ne5 Re8 17. e3 Bxe5 18. dxe5 Rxe5 19. Qd2 Qd6 20. Rfd1 Rd8 21. Nb5 Qb8 22. Nd4 Nd6 23. Qc3 Ne4 24. Qc7 Nc5 25. Qxb8 Rxb8 26. b4 Ne6 27. Nxe6 Rxe6 28. Bxd5 Rd6 29. Bxf7+ Kxf7 30. Rxd6 Bf3 31. Rc7+ Kg8 32. Rxg6+ 1-0

[Event "Titled Tuesday intern op 17th Sep Late"]
[Site "Chess,com INT"]
[Date "2024.09.17"]
[Round "4"]
[White "Mekhitarian, Krikor Sevag"]
[Black "Sroczynski, Maciej"]
[Result "1-0"]
[WhiteElo "2560"]
[BlackElo "2255"]
[PlyCount "95"]
[EventDate "2024.09.17"]
[EventType "swiss (blitz)"]
[EventRounds "11"]
[EventCountry "USA"]
[SourceTitle "EXT 2025"]
[Source "ChessBase"]
[SourceDate "2024.10.14"]
[SourceVersion "1"]
[SourceVersionDate "2024.10.14"]
[SourceQuality "1"]

1. Nf3 c5 2. c4 g6 3. e4 Bg7 4. d4 cxd4 5. Nxd4 Nc6 6. Be3 Nf6 7. Nc3 d6 8. Be2 0-0 9. 0-0 Nxd4 10. Bxd4 a5 11. b3 a4 12. b4 a3 13. Rc1 Be6 14. f3 Nd7 15. Bxg7 Kxg7 16. Qd4+ f6 17. Nd5 Bxd5 18. cxd5 Rc8 19. Kf2 Qb6 20. Ke3 h5 21. Qxb6 Nxb6 22. Kd4 Kf7 23. Bb5 e5+ 24. dxe6+ Kxe6 25. Rfd1 h4 26. Rc3 Rxc3 27. Kxc3 d5 28. exd5+ Nxd5+ 29. Kb3 Nf4 30. g3 hxg3 31. hxg3 Nh5 32. g4 Nf4 33. Kxa3 Rh8 34. Rd7 Rh3 35. Rxb7 Rxf3+ 36. Ka4 Rg3 37. Bc4+ Ke5 38. b5 Rxg4 39. Ka5 Nd5 40. Bxd5 Kxd5 41. a4 f5 42. Rd7+ Kc5 43. Rc7+ Kd6 44. Rc1 f4 45. b6 f3 46. b7 Rg5+ 47. Kb6 Rg4 48. b8Q+ 1-0

[Event "Titled Tuesday intern op 17th Sep Late"]
[Site "Chess,com INT"]
[Date "2024.09.17"]
[Round "5"]
[White "Sroczynski, Maciej"]
[Black "Elier, Ali"]
[Result "1-0"]
[WhiteElo "2255"]
[BlackElo "2160"]
[PlyCount "183"]
[EventDate "2024.09.17"]
[EventType "swiss (blitz)"]
[EventRounds "11"]
[EventCountry "USA"]
[SourceTitle "EXT 2025"]
[Source "ChessBase"]
[SourceDate "2024.10.14"]
[SourceVersion "1"]
[SourceVersionDate "2024.10.14"]
[SourceQuality "1"]

1. d4 d5 2. Nc3 Nf6 3. Bg5 Ne4 4. Nxe4 dxe4 5. e3 h6 6. Bf4 g5 7. Bg3 Bg7 8. h4 g4 9. Bc4 Nd7 10. Ne2 Nf6 11. Nf4 Bf5 12. c3 c6 13. Qb3 0-0 14. a4 Qd7 15. 0-0 b6 16. Rfd1 e6 17. a5 b5 18. Be2 Nd5 19. c4 bxc4 20. Qxc4 Rab8 21. Rab1 Rb4 22. Qc5 Rb7 23. Rdc1 Rc8 24. Nh5 Bf8 25. Qc2 Be7 26. Ba6 Nb4 27. Qc4 Nxa6 28. Qxa6 Rb3 29. Rc2 Qb7 30. Qxb7 Rxb7 31. Rbc1 c5 32. dxc5 Rb5 33. c6 Rxa5 34. Rd1 e5 35. Bh2 Ra6 36. c7 Ra5 37. Ng3 Bg6 38. Rd7 Kf8 39. Rcd2 Ra1+ 40. Nf1 Ke8 41. Bxe5 f6 42. Bc3 Bf7 43. R2d4 Bc4 44. Rxe7+ Kxe7 45. Rxc4 Kd7 46. Bxf6 Rxc7 47. Rxc7+ Kxc7 48. Bd4 Rb1 49. g3 a5 50. Kg2 Kc6 51. h5 Kb5 52. Nh2 Kc4 53. Nxg4 a4 54. Nxh6 Kb3 55. Nf5 Rxb2 56. Bxb2 Kxb2 57. Nd4 a3 58. h6 a2 59. h7 a1Q 60. h8Q Qa6 61. Qc8 Qd3 62. Qb7+ Kc1 63. Qc6+ Kd2 64. Qe6 Ke1 65. Qf5 Qf1+ 66. Kh2 Qd3 67. g4 Kf1 68. g5 Qd1 69. Qf4 Qh5+ 70. Kg3 Qh1 71. Qg4 Qg2+ 72. Kf4 Qxf2+ 73. Kxe4 Qa2 74. Qf3+ Ke1 75. Qe2+ Qxe2 76. Nxe2 Kxe2 77. g6 Kd2 78. g7 Kc3 79. g8Q Kb4 80. Qe6 Kb5 81. Kf5 Kc5 82. e4 Kb4 83. e5 Kc3 84. Kf6 Kd3 85. Qd6+ Ke3 86. e6 Kf2 87. e7 Kf3 88. e8Q Kg4 89. Qee5 Kf3 90. Qd3+ Kf2 91. Qee2+ Kg1 92. Qdd1# 1-0

[Event "Titled Tuesday intern op 17th Sep Late"]
[Site "Chess,com INT"]
[Date "2024.09.17"]
[Round "8"]
[White "Sroczynski, Maciej"]
[Black "Rogov, Matfey"]
[Result "0-1"]
[WhiteElo "2255"]
[BlackElo "2188"]
[PlyCount "44"]
[EventDate "2024.09.17"]
[EventType "swiss (blitz)"]
[EventRounds "11"]
[EventCountry "USA"]
[SourceTitle "EXT 2025"]
[Source "ChessBase"]
[SourceDate "2024.10.14"]
[SourceVersion "1"]
[SourceVersionDate "2024.10.14"]
[SourceQuality "1"]

1. d4 Nf6 2. c4 e6 3. Nf3 c5 4. d5 b5 5. dxe6 fxe6 6. cxb5 d5 7. Nc3 Bb7 8. e4 d4 9. e5 Ng4 10. h3 Nh6 11. Bxh6 gxh6 12. Nb1 Nd7 13. Bc4 Bg7 14. Bxe6 Qe7 15. Bxd7+ Qxd7 16. a4 0-0-0 17. Nbd2 Kb8 18. 0-0 Rhg8 19. Kh1 Bxe5 20. Rc1 Rxg2 21. Kxg2 Rg8+ 22. Kh1 Qxh3# 0-1

[Event "Titled Tuesday intern op 17th Sep Late"]
[Site "Chess,com INT"]
[Date "2024.09.17"]
[Round "7"]
[White "Sroczynski, Maciej"]
[Black "Schulz, Karsten"]
[Result "1-0"]
[WhiteElo "2255"]
[BlackElo "2166"]
[PlyCount "109"]
[EventDate "2024.09.17"]
[EventType "swiss (blitz)"]
[EventRounds "11"]
[EventCountry "USA"]
[SourceTitle "EXT 2025"]
[Source "ChessBase"]
[SourceDate "2024.10.14"]
[SourceVersion "1"]
[SourceVersionDate "2024.10.14"]
[SourceQuality "1"]

1. e4 d6 2. d3 g6 3. Nf3 Bg7 4. Nbd2 c5 5. g3 Nc6 6. Bg2 e5 7. 0-0 Nge7 8. c3 h6 9. a4 Be6 10. Nc4 0-0 11. Be3 b6 12. Qd2 Kh7 13. Ne1 Qd7 14. f4 exf4 15. Bxf4 d5 16. exd5 Nxd5 17. Bd6 Rfe8 18. Nf3 Nde7 19. Nfe5 Nxe5 20. Bxe5 Bxc4 21. Bxg7 Kxg7 22. Bxa8 Rxa8 23. Rad1 Be6 24. Qf2 Re8 25. Qf6+ Kg8 26. Rde1 Nf5 27. Rf3 Qxa4 28. h3 Qd7 29. g4 Nd6 30. Qf4 Kh7 31. Re5 Qe7 32. Re1 Kg7 33. Ref1 f5 34. Rg3 fxg4 35. Qe5+ Kh7 36. hxg4 Nf7 37. Qe3 Bd5 38. Qxe7 Rxe7 39. Rf6 Kg7 40. Rf4 Ng5 41. Kf2 Rf7 42. Ke3 Rxf4 43. Kxf4 Kf6 44. Re3 Ne6+ 45. Kg3 h5 46. gxh5 gxh5 47. Kh4 Nf4 48. Rg3 a5 49. d4 cxd4 50. cxd4 b5 51. Rg5 b4 52. Rg1 a4 53. Ra1 Bb3 54. Kg3 Kf5 55. Rf1 1-0

[Event "Titled Tuesday intern op 10th Sep Late"]
[Site "Chess,com INT"]
[Date "2024.09.10"]
[Round "1"]
[White "Galaktionov, Artem"]
[Black "Sroczynski, Maciej"]
[Result "1-0"]
[WhiteElo "2337"]
[BlackElo "2255"]
[PlyCount "53"]
[EventDate "2024.09.10"]
[EventType "swiss (blitz)"]
[EventRounds "11"]
[EventCountry "USA"]
[SourceTitle "EXT 2025"]
[Source "ChessBase"]
[SourceDate "2024.10.14"]
[SourceVersion "1"]
[SourceVersionDate "2024.10.14"]
[SourceQuality "1"]

1. d4 d5 2. c4 e6 3. Nf3 Nf6 4. Nc3 Be7 5. Bf4 a6 6. e3 0-0 7. c5 Nh5 8. Bd3 Nc6 9. 0-0 b6 10. cxb6 cxb6 11. Be5 Nxe5 12. Nxe5 Nf6 13. Rc1 Bb7 14. Qe2 b5 15. a4 b4 16. Nb1 Qb6 17. Nd2 Rfc8 18. Nb3 Rxc1 19. Rxc1 Rc8 20. Rxc8+ Bxc8 21. Qc2 Bb7 22. a5 Qd8 23. Nc6 Qc7 24. Nxe7+ Qxe7 25. Qc5 Qd8 26. Qxb4 Qc8 27. Nc5 1-0

[Event "Titled Tuesday intern op 10th Sep Late"]
[Site "Chess,com INT"]
[Date "2024.09.10"]
[Round "8"]
[White "Goryachkina, Aleksandra"]
[Black "Sroczynski, Maciej"]
[Result "1/2-1/2"]
[WhiteElo "2533"]
[BlackElo "2255"]
[PlyCount "92"]
[EventDate "2024.09.10"]
[EventType "swiss (blitz)"]
[EventRounds "11"]
[EventCountry "USA"]
[SourceTitle "EXT 2025"]
[Source "ChessBase"]
[SourceDate "2024.10.14"]
[SourceVersion "1"]
[SourceVersionDate "2024.10.14"]
[SourceQuality "1"]

1. e4 c5 2. Nf3 d6 3. Bb5+ Bd7 4. Bxd7+ Qxd7 5. 0-0 Nc6 6. Re1 Nf6 7. c3 e6 8. d4 cxd4 9. cxd4 d5 10. e5 Ne4 11. a3 Be7 12. Nbd2 Nxd2 13. Bxd2 0-0 14. Re3 Rac8 15. Rd3 f6 16. exf6 Bxf6 17. Bc3 b5 18. Qe2 a5 19. Bd2 Rfe8 20. Bg5 Bxg5 21. Nxg5 e5 22. dxe5 Rxe5 23. Qd2 Rce8 24. Nf3 Re2 25. Qc3 Ne5 26. Nxe5 R8xe5 27. h3 a4 28. Rad1 h6 29. Qd4 Qf5 30. Rf3 Re1+ 31. Rxe1 Rxe1+ 32. Kh2 Qe5+ 33. Qxe5 Rxe5 34. Rf4 Re2 35. Rb4 Rxf2 36. Rxb5 d4 37. Kg3 Rc2 38. Rb4 d3 39. Rxa4 Rxb2 40. Rd4 Rb3 41. a4 d2+ 42. Kf2 Rb2 43. Kf3 Ra2 44. a5 Rxa5 45. Rxd2 Rf5+ 46. Kg3 Rf6 1/2-1/2